LEADER 03554nam 2200685 a 450 001 9910465180803321 005 20200520144314.0 010 $a1-78170-312-4 010 $a1-84779-349-5 035 $a(CKB)2560000000085837 035 $a(EBL)1069708 035 $a(OCoLC)818847510 035 $a(SSID)ssj0000712863 035 $a(PQKBManifestationID)12229359 035 $a(PQKBTitleCode)TC0000712863 035 $a(PQKBWorkID)10651141 035 $a(PQKB)11479046 035 $a(StDuBDS)EDZ0000085806 035 $a(MiAaPQ)EBC1069708 035 $a(Au-PeEL)EBL1069708 035 $a(CaPaEBR)ebr10627232 035 $a(CaONFJC)MIL843614 035 $a(EXLCZ)992560000000085837 100 $a20100824d2009 uy 0 101 0 $aeng 135 $aur|n|---||||| 181 $ctxt 182 $cc 183 $acr 200 10$aTowards a regional political class?$b[electronic resource] $eprofessional politicians and regional institutions in Catalonia and Scotland /$fKlaus Stolz 210 $aManchester ;$aNew York $cManchester University Press ;$aNew York $cDistributed in the U.S. exclusively by Palgrave Macmillan$d2009 215 $a1 online resource (337 p.) 225 0$aDevolution series 300 $aDescription based upon print version of record. 311 $a1-84779-747-4 311 $a0-7190-7979-9 320 $aIncludes bibliographical references. 327 $aThe quest for a regional political class -- Regionalism, regionalisation and regional institutions in Catalonia and Scotland : setting the stage for a regional political class -- Political careers : the making of a regional political class in itself -- (Re)making political institutions : a regional political class for itself -- Conclusion : traces of a regional political class in Catalonia and Scotland -- Appendix 1. Survey of regional parliamentarians in Catalonia and Scotland -- Appendix 2. Interview series with Catalan and Scottish politicians -- Appendix 3. Time commitments of regional politicians. 330 $aFocussing on professional politicians Klaus Stolz investigates the interrelationship between political career patterns and political institutions in two of the most widely discussed cases of regionalism: Catalonia and Scotland. The study deals with two different yet closely related sets of questions: Firstly, how do professional politicians pursue their careers in the regional context. And secondly, how do they shape and reshape the political institutions in which they pursue these careers. The monograph is based on extensive empirical research including a comprehensive data set on the careers 410 0$aDevolution series. 606 $aRepresentative government and representation$zScotland 606 $aRepresentative government and representation$zSpain$zCatalonia 606 $aPolitics, Practical$zScotland 606 $aPolitics, Practical$zSpain$zCatalonia 607 $aScotland$xPolitics and government$y21st century 607 $aCatalonia (Spain)$xPolitics and government$y21st century 608 $aElectronic books. 615 0$aRepresentative government and representation 615 0$aRepresentative government and representation 615 0$aPolitics, Practical 615 0$aPolitics, Practical 676 $a320.9411 700 $aStolz$b Klaus$0907322 801 0$bMiAaPQ 801 1$bMiAaPQ 801 2$bMiAaPQ 906 $aBOOK 912 $a9910465180803321 996 $aTowards a regional political class$92029769 997 $aUNINA LEADER 03545nam 22004695 450 001 996328034703316 005 20231114215126.0 010 $a1-61811-767-X 024 7 $a10.1515/9781618117670 035 $a(CKB)4100000010138479 035 $a(DE-B1597)540825 035 $a(OCoLC)1049577290 035 $a(DE-B1597)9781618117670 035 $a(EXLCZ)994100000010138479 100 $a20191221d2018 fg 101 0 $aeng 135 $aur||#|||||||| 181 $ctxt$2rdacontent 182 $cc$2rdamedia 183 $acr$2rdacarrier 200 10$aAmerican Classics $eEvolutionary Perspectives /$fJudith P. Saunders 210 1$aBoston, MA :$cAcademic Studies Press,$d[2018] 210 4$dİ2018 215 $a1 online resource (302 p.) 225 0 $aEvolution, Cognition, and the Arts 327 $tFrontmatter --$tTable of Contents --$tAcknowledgments --$tGlossary --$tIntroduction --$t1. The Autobiography of Benjamin Franklin: The Story of a Successful Social Animal --$t2. Nepotism in Hawthorne's "My Kinsman, Major Molineux" --$t3. Biophilia in Thoreau's Walden --$t4. Bateman's Principle in "Song of Myself": Whitman Celebrates Male Ardency --$t5. Maladaptive Behavior and Auctorial Design: Huck Finn's Pap --$t6. Hell's Fury: Female Mate-Retention Strategies in Wharton's "Pomegranate Seed" and Ethan Frome --$t7. Male Reproductive Strategies in Sherwood Anderson's "The Untold Lie" --$t8. The Great Gatsby: An Unusual Case of Mate Poaching --$t9. Female Sexual Strategies in the Poetry of Edna St. Vincent Millay --$t10. Philosophy and Fitness: Hemingway's "A Clean, Well-Lighted Place" and The Sun Also Rises --$t11. Paternal Confidence in Zora Neale Hurston's "The Gilded Six-Bits" --$t12. The Role of the Arts in Male Courtship Display: Billy Collins's "Serenade" --$tConclusion --$tWorks Cited --$tIndex 330 $aThe inaugural book in ASP's new Evolution, Cognition, and the Arts series, this collection of essays examines selected works in the American literary tradition from an evolutionary perspective. Using an interdisciplinary framework to pose new questions about long admired, much discussed texts, the collection as a whole provides an introduction to Darwinian literary critical methodology. Individual essays feature a variety of figures-Benjamin Franklin to Billy Collins-targeting fitness-related issues ranging from sexual strategies and parental investment to cheating and deception. Attention is paid to the physical and social environments in which fictional characters are placed, including the influence of cultural-historical conditions on resource acquisition, status-building, competition, and reciprocity. Discussion throughout the volume makes connections to existing secondary comment, suggesting how Darwinian scrutiny can generate unexpected insights into long familiar works. 606 $aAmerican literature$xHistory and criticism 606 $aEvolution (Biology) in literature 606 $aLITERARY CRITICISM / American / General$2bisacsh 615 0$aAmerican literature$xHistory and criticism. 615 0$aEvolution (Biology) in literature. 615 7$aLITERARY CRITICISM / American / General. 676 $a810.9 700 $aSaunders$b Judith P.$4aut$4http://id.loc.gov/vocabulary/relators/aut.$0905296 712 02$aKnowledge Unlatched$4fnd$4http://id.loc.gov/vocabulary/relators/fnd 801 0$bDE-B1597 801 1$bDE-B1597 906 $aBOOK 912 $a996328034703316 996 $aAmerican classics$92024612 997 $aUNISA